[Event "FRM-ch op"]
[Site "Skopje"]
[Date "2022.05.03"]
[Round "7"]
[White "Sumkoski, Yane"]
[Black "Petreski, Leonid"]
[Result "0-1"]
[WhiteElo "1947"]
[BlackElo "1824"]
[PlyCount "94"]
[EventDate "2022.04.29"]
[EventType "swiss"]
[EventRounds "9"]
[EventCountry "MKD"]
[SourceTitle "CBM 208 Extra"]
[Source "ChessBase"]
[SourceDate "2022.07.31"]
[SourceVersion "1"]
[SourceVersionDate "2022.07.31"]
[SourceQuality "1"]

1. e4 d6 2. d4 Nf6 3. Nc3 g6 4. Be3 Bg7 5. f3 0-0 6. Qd2 c6 7. 0-0-0 b5 8. e5 Ne8 9. Bg5 Nd7 10. Ne4 f6 11. Bh6 d5 12. Bxg7 Nxg7 13. exf6 exf6 14. Nf2 Nb6 15. Nd3 Nc4 16. Qc3 a5 17. b3 b4 18. Qe1 Re8 19. Qf2 Nd6 20. Nc5 Ne6 21. Na4 Qc7 22. Bd3 Nf4 23. Ne2 Nxd3+ 24. Rxd3 Ba6 25. Rd2 Nf5 26. Nc5 Bxe2 27. Rxe2 Qf4+ 28. Rd2 Re3 29. g3 Qxf3 30. Rf1 Qxf2 31. Rfxf2 Kf7 32. Kb2 h5 33. a3 bxa3+ 34. Kxa3 Nd6 35. Rf4 Ne4 36. Rd3 Re2 37. Rdf3 f5 38. g4 hxg4 39. Rxg4 Nxc5 40. dxc5 Rxc2 41. Rh4 Rxc5 42. Rh7+ Kf6 43. h4 a4 44. b4 Rc4 45. Re3 f4 46. Ree7 Kf5 47. h5 gxh5 0-1

[Event "FRM-ch op"]
[Site "Skopje"]
[Date "2022.05.02"]
[Round "6"]
[White "Zlatkov, Anton"]
[Black "Sumkoski, Yane"]
[Result "1/2-1/2"]
[WhiteElo "2106"]
[BlackElo "1947"]
[PlyCount "75"]
[EventDate "2022.04.29"]
[EventType "swiss"]
[EventRounds "9"]
[EventCountry "MKD"]
[SourceTitle "CBM 208 Extra"]
[Source "ChessBase"]
[SourceDate "2022.07.31"]
[SourceVersion "1"]
[SourceVersionDate "2022.07.31"]
[SourceQuality "1"]

1. d4 Nf6 2. Nf3 d5 3. g3 e6 4. Bg2 c5 5. e3 Be7 6. 0-0 0-0 7. b3 b6 8. Bb2 Bb7 9. Ne5 Qc7 10. Nd2 Nfd7 11. f4 Nxe5 12. fxe5 Nd7 13. Rc1 Rae8 14. Qg4 f5 15. Qe2 Qc8 16. g4 fxg4 17. Qxg4 Rxf1+ 18. Rxf1 Nf8 19. Qf3 Ng6 20. c4 cxd4 21. exd4 Bb4 22. Nb1 Nh4 23. Qf7+ Kh8 24. Bh3 Rf8 25. Qh5 Rxf1+ 26. Bxf1 Nf5 27. a3 Be7 28. Nd2 g6 29. Qe2 Bg5 30. Bg2 Be3+ 31. Kh1 Bxd2 32. Qxd2 dxc4 33. d5 Bxd5 34. Bxd5 exd5 35. e6+ d4 36. Bxd4+ Nxd4 37. Qxd4+ Kg8 38. Qd7 1/2-1/2